Diálogos IX: Leyes (Libros VII - XII)

Сохранить в:
Библиографические подробности
Главный автор: Platón
Формат:
Язык:Undetermined
Опубликовано: Madrid, España Editorial Gredos 1999
Предметы:
Метки: Добавить метку
Нет меток, Требуется 1-ая метка записи!

MARC

LEADER 00000nam a2200000Ia 4500
008 170316s9999 xx 000 0 und d
090 |a 100 P-26di v.9 
100 |a Platón 
245 |a Diálogos IX: Leyes (Libros VII - XII) 
260 |a Madrid, España 
260 |b Editorial Gredos 
260 |c 1999 
300 |a 363 páginas 
650 |a FILOSOFÍA 
650 |a LIBRO VII AL XII 
650 |a SISTEMA MONETARIO - MAGNESIA 
999 |c 17313  |d 17313 
040 |a cru BVZT 
942 |c 15 D  |h 100 P-26di v.9  |2 z